| 000 | 00782nam a2200229Ia 4500 | ||
|---|---|---|---|
| 003 | CO-CtgCURN | ||
| 005 | 20250410223513.0 | ||
| 008 | 190723s9999 xx 000 0 und d | ||
| 020 | _a9586902781 | ||
| 040 |
_aCO-CtgCURN _bspa _ccoctgcurn |
||
| 082 |
_a345 _bA666 |
||
| 100 | _aArboleda Vallejo, Mario | ||
| 245 | 0 |
_aManual de derecho penal : _bparte general / _cMario Arboleda Vallejo, Jose Armando Ruiz Salazar |
|
| 260 |
_aBogotá, Colombia : _bLeyer, _c2001 |
||
| 300 |
_a759 páginas ; _c22 centímetros |
||
| 521 | _aAREA PROFESIONAL | ||
| 590 | _aPrograma de Derecho_18 | ||
| 650 |
_aDerecho penal _zColombia |
||
| 700 | _aRuiz Salazar, Jose Armando | ||
| 942 |
_cBK _h345 _iA666 _2ddc _n0 |
||
| 999 |
_c28716 _d28716 |
||